| 000 | 01310nab a22003137a 4500 | ||
|---|---|---|---|
| 999 |
_c6425 _d6425 |
||
| 003 | OSt | ||
| 005 | 20260202202344.0 | ||
| 008 | 190506c xxu||||| |||| 00| 0 spa d | ||
| 040 | _cPJ | ||
| 100 |
_91470 _aBottos, Adriana Verónica |
||
| 245 | 1 | 0 |
_aTeletrabajo : _bsu impacto en el Derecho Colectivo del Trabajo / _cAdriana V. Bottos. |
| 260 |
_aBuenos Aires : _bAbeledoPerrot, _c2023. |
||
| 300 | _ap. 11-20 | ||
| 500 | _aCita: TR LALEY AR/DOC/2763/2023 | ||
| 505 | _aSumario: I. Algunas consideraciones previas.— II. Derecho Colectivo del Trabajo.— III. Representantes gremiales y los delegados.— IV. Medidas de acción directa.— V. Conclusiones. | ||
| 505 | _t¿Te interesa el texto completo? Comunicate al correo: koha@justierradelfuego.gov.ar | ||
| 650 | 0 |
_91316 _aDERECHO LABORAL |
|
| 650 | 0 |
_91316 _aDERECHO LABORAL |
|
| 650 | 0 |
_91323 _aCONTRATO DE TRABAJO |
|
| 650 | 0 |
_94439 _aTELETRABAJO |
|
| 650 | 0 |
_9289 _aTECNOLOGIA DE LA INFORMACION |
|
| 650 | 0 |
_96081 _aCIENCIA Y TECNOLOGÍA |
|
| 650 | 0 |
_95233 _aPANDEMIA |
|
| 650 | 0 |
_95817 _aINTELIGENCIA ARTIFICIAL |
|
| 650 | 0 |
_9273 _aDERECHO INFORMATICO |
|
| 650 | 0 |
_9281 _aINTERNET |
|
| 773 | 0 |
_02751 _93202 _dBuenos Aires : AbeledoPerrot, 2013- _tRevista de derecho laboral y seguridad social. Nº 24 - Diciembre 2023 |
|
| 942 |
_2udc _cANA |
||